Third-Symposium on Biotechnology in Energy Production and Conservation: proceedings
Uloženo v:
| Hlavní autor: | |
|---|---|
| Médium: | Kniha |
| Jazyk: | angličtina |
| Vydáno: |
Nueva York
John Wiley
1981
|
| Edice: | Biotechnology and Bioengineering Symposium, 11
|
| Témata: | |
| Tagy: |
Přidat tag
Žádné tagy, Buďte první, kdo vytvoří štítek k tomuto záznamu!
|
MARC
| LEADER | 00000nam a2200000 a 4500 | ||
|---|---|---|---|
| 001 | UCU4706 | ||
| 003 | CL-VaPUC | ||
| 005 | 20231010145025.0 | ||
| 008 | 960524e19810000us 1 eng d | ||
| 082 | 0 | 4 | |a 660.6 |b SCO |2 21 |
| 100 | 1 | |a Scott, Charles D |e author |9 617771 | |
| 245 | 1 | 0 | |a Third-Symposium on Biotechnology in Energy Production and Conservation: proceedings |
| 260 | |a Nueva York |b John Wiley |c 1981 | ||
| 300 | |a v | ||
| 490 | 0 | |a Biotechnology and Bioengineering Symposium, 11 | |
| 583 | |a last modification |c 19960524 00:00:00 |k Rodrigo Vera | ||
| 650 | 0 | 0 | |a Biotecnología |9 259561 |
| 650 | 0 | 0 | |a Energía |9 259431 |
| 650 | 0 | 7 | |a CONSERVACION DE LA ENERGIA |2 CL-VaPUC |9 262923 |
| 650 | 0 | 0 | |a Enzimas |9 262984 |
| 650 | 0 | 0 | |a Fermentación |9 259565 |
| 650 | 0 | 0 | |a Hidratos de carbono |9 360963 |
| 650 | 0 | 0 | |a Estados de la Materia |9 347141 |
| 650 | 0 | 0 | |a Combustibles |9 271720 |
| 942 | |c BK | ||
| 945 | |a paguirre |d 19960524 00:00:00 | ||
| 546 | |a En Inglés | ||
| 518 | |p Symposium on Biotechnology in Energy Production and Conservation, 3, Gatlinburg, 12 al 15 de Mayo de 1981 | ||
| 999 | |c 382630 |d 382628 | ||
| 952 | |0 0 |1 0 |4 0 |6 660_600000000000000_SCO_1981 |7 0 |8 A |9 504422 |a BIBING |b BIBING |d 2020-01-23 |i 2607638 |o 660.6 SCO 1981 |p 2607638 |r 2025-01-20 |w 2020-01-23 |y BK |k EIB | ||